The Executive dilemma : handling people problems at work /
Saved in:
| Other Authors: | |
|---|---|
| Format: | Book |
| Published: |
New York :
Wiley,
c1985.
|
| Series: | Harvard business review executive book series
|
| Subjects: | |
| Tags: |
Add Tag
No Tags, Be the first to tag this record!
|
MARC
| LEADER | 00000cam a2200000 a 4500 | ||
|---|---|---|---|
| 020 | |a 0471815195 : |c TZS 2390/= | ||
| 040 | |a MUL |b eng |e AACR | ||
| 082 | 0 | 0 | |a 658.3 EXE |
| 245 | 0 | 4 | |a The Executive dilemma : |b handling people problems at work / |c Eliza G.C. Collins, editor. |
| 260 | |a New York : |b Wiley, |c c1985. | ||
| 300 | |a ix, 586 p. : |b ill. ; |c 24 cm. | ||
| 440 | 0 | |a Harvard business review executive book series | |
| 504 | |a Includes bibliographies and indexes. | ||
| 650 | 0 | |a Organizational behavior. | |
| 650 | 0 | |a Personnel management. | |
| 700 | 1 | |a Collins, Eliza G. C. | |
| 942 | |c BK | ||
| 999 | |c 4819 |d 4819 | ||